| 000 | 00447nam a2200193 a 4500 | ||
|---|---|---|---|
| 001 | 1756624039373 | ||
| 003 | ACL | ||
| 005 | 20250831124001.0 | ||
| 008 | 250831s2003##################000#0#eng## | ||
| 020 | _a9780300097795 | ||
| 082 | 0 | 4 |
_a759.130278 _bWIL |
| 100 | 1 |
_aWilmerding, John, _eauthor. |
|
| 245 | 1 | 0 | _aSigns of the Artist : |
| 260 | _c2003. | ||
| 300 | _a203 pages | ||
| 650 | 0 | _aArt. | |
| 942 | _cENGLISH | ||
| 040 |
_aACL _beng _cACL |
||
| 999 |
_c584580 _d584580 |
||